| 000 | 00493nam a2200169 i 4500 | ||
|---|---|---|---|
| 001 | 149937 | ||
| 003 | ES-MaACL | ||
| 005 | 20230906203321.0 | ||
| 007 | t| | ||
| 008 | 071025s1971 sp ||||1| spa d | ||
| 100 | 1 |
_aVander, Adrianus. _9113059 |
|
| 245 | 1 | 0 |
_aEnfermedades de los riñones / _cA. Vander. |
| 260 |
_aBarcelona : _bSintes, _c1971. |
||
| 300 |
_a176 p., 15 lám. ; _c19 cm. |
||
| 650 | 4 |
_aRiñones- _xEnfermedades- _xTratamiento. _9166043 |
|
| 852 |
_aES-MaACL _jC-50604 _bR.75884 |
||
| 999 |
_c149937 _d149937 |
||